| 000 | 00910nam0a22002411 4500 | ||
|---|---|---|---|
| 001 | rc\2783914 | ||
| 005 | 20230529164430.0 | ||
| 035 | _a(NLR Aleph) 006910117 | ||
| 090 |
_a7338211 _c7338211 |
||
| 100 | _a20110915d1935 |||y0rusy50 ca | ||
| 101 | 0 | _arus | |
| 102 | _aRU | ||
| 105 | _ay z |||h| | ||
| 200 | 1 |
_aЛиквидируем отставание партийно-организационной и политико-воспитательной работы _eРечь на пленуме Татобкома ВКП(б) 2 июня 1935 г. _fА. К. Лепа |
|
| 210 |
_aКазань _cТатгосиздат. Сектор полит. лит-ры _d1935 _g[тип.] Татполиграф |
||
| 215 |
_aОбл., 45 с. _d18х12 см. |
||
| 700 | 1 |
_aЛепа _bА. К. |
|
| 801 | 0 |
_aRU _bNLR _gpsbo |
|
| 801 | 1 |
_aRU _bELAR _2rusmarc |
|
| 852 |
_aNLR _j35-9/923 |
||
| 942 | _cBOOK | ||
| 980 | _aNB | ||